| 000 | 01410nam2a2200229 4500 | ||
|---|---|---|---|
| 001 | RU\NLR\PER_A\010686918_000430 | ||
| 005 | 20250626141323.0 | ||
| 035 | _a(NLR Aleph) 011859456 | ||
| 090 |
_a12145153 _c12145153 |
||
| 100 | _a20181109d2018 |||y0rusy50 ca | ||
| 101 | 0 | _arus | |
| 102 | _aRU | ||
| 200 | 1 |
_aПервый Международный форум онкологии и радиологии _dThe First International forum of oncology and radiology _e[материалы, 23-28 сентября 2018 г., Москва] _zeng |
|
| 210 |
_d2018 _aБ. м. |
||
| 461 | 0 |
_1001RU\NLR\Per\1105372 _12001#$aИсследования и практика в медицине$dResearch'n practical medicine journal$eрецензируемый научно-практический журнал$zeng$vТ. 5, спецвып. 2 _99667569 _cМосква _d2014 - _lResearch and practical medicine journal _nКвазар _oрецензируемый научно-практический журнал _tИсследования и практика в медицине _x2409-2231 _vТ. 5, спецвып. 2 |
|
| 510 | 1 |
_aThe First International forum of oncology and radiology _zeng |
|
| 710 | 1 | 2 |
_aМеждународный форум онкологии и радиологии _d1 _eМосква _f2018 _9633075 _3RU\NLR\AUTH\880486324 |
| 852 |
_aNLR _jП17/1657 |
||
| 942 | _cISSUE | ||
| 980 | _aNB | ||
| 980 | _aRUSPER | ||